Movies Quiz

Random Movies or Disney Quiz

The Grand Disney Chorale Quiz Stats

Quiz Updated Dec 11, 2017

Challenge
Share
Tweet
Embed
Score 0/35 Timer 12:00
2 Plays Today
Movie (# songs) Character % Correct
Snow White and the Seven Dwarfs (4)???
96.8%
Pinocchio (2)???
88.9%
Cinderella (3)???
88.7%
Winnie the Pooh (5)???
82.3%
The Little Mermaid (2)???
82.2%
The Jungle Book (2)???
81.6%
Moana (4)???
80.5%
The Lion King (3)???
80.4%
Alice in Wonderland (4)???
80%
Pocahontas (3)???
79.9%
Mulan (3)???
79%
Aladdin (2)???
77.2%
The Many Adventures of Winnie the Pooh (5)???
74.5%
Lady and the Tramp (1)???
71.9%
Tangled (5)???
71.7%
Sleeping Beauty (2)???
68.4%
The Princess and the Frog (3)???
62.8%
The Sword in the Stone (3)???
45.4%
Movie (# songs) Character % Correct
The Aristocats (2)???
44.9%
Peter Pan (2)???
40.2%
Frozen (3)???
38.5%
The Rescuers (1)???
28.8%
Dumbo (1)???
28%
One Hundred and One Dalmatians (2)???
27.2%
Hercules (4)???
26.3%
Tarzan (1)???
20.3%
Brother Bear (1)???
19.3%
Oliver & Company (1)???
18.5%
The Great Mouse Detective (2)???
17.4%
Robin Hood (3)???
14.2%
The Fox and the Hound (3)???
12.4%
Beauty and the Beast (3)???
10.9%
The Hunchback of Notre Dame (3)???
9.1%
Home on the Range (1)???
3.4%
Meet the Robinsons (2)???
2.2%

You're not logged in!

Compare scores with friends on all Sporcle quizzes.
Sign Up with Email
OR
Log In

You Might Also Like...

Show Comments

Extras

Top Quizzes Today


Score Distribution

Your Account Isn't Verified!

In order to create a playlist on Sporcle, you need to verify the email address you used during registration. Go to your Sporcle Settings to finish the process.